Statistics for Words Containing Animals #1

Click here to take the quiz!

General Stats

  • This quiz has been taken 38,627 times
  • The average score is 13 of 20

Answer Stats

HintAnswer% Correct
Center of a target{Bull}seye
98%
Fashion runway{Cat}walk
96%
The one who gets blamedScape{goat}
93%
To skip ahead ofLeap{frog}
86%
An aerial battle{Dog}fight
85%
An American football{Pig}skin
85%
To cross the street illegally{Jay}walk
83%
Unruly lock of hair{Cow}lick
77%
Roughhousing{Horse}play
76%
To find fault in unimportant details{Nit}pick
73%
Prying device{Crow}bar
72%
Unintelligent person{Bird}brain
63%
Backpack that holds water{Camel}back
60%
To nag constantly{Hen}peck
49%
Photography enthusiastShutter{bug}
49%
To best in a battle of witsOut{fox}
45%
Nook in a desk for holding papers{Pigeon}hole
39%
Bitter herb used in absinthe{Worm}wood
37%
To make into a hero{Lion}ize
35%
Trick or prank{Monkey}shine
23%

Score Distribution

Percentile by Number Answered

Percent of People with Each Score

Your Score History

You have not taken this quiz